000 01344cam a22003257a 4500
001 13930616
005 20250130135923.0
008 050415s2005 nyua f b 001 0 eng d
020 _a9780071423229
050 0 0 _aRC55
_b.F2194 2005
082 0 4 _a616
245 0 0 _aFamily medicine :
_bambulatory care & prevention /
_cedited by Mark B. Mengel, L. Peter Schwiebert.
250 _a4th ed.
260 _aNew York :
_bLange Medical Books/McGraw-Hill,
_cc2005.
300 _axx, 790 p. :
_bill. ;
_c22 cm.
440 0 _aLange clinical manual
500 _aPrevious ed.: published as Ambulatory medicine: the primary care of families. New York : Lange Medical Books/McGraw-Hill, c2001.
650 0 _aAmbulatory medical care.
650 2 _aAmbulatory Care.
650 2 _aPreventive Medicine.
650 2 _aPrimary Health Care.
650 2 _aPhysicians, Family.
700 1 _aMengel, Mark B.
700 1 _aSchwiebert, L. Peter.
700 1 _aMengel, Mark B.
_tAmbulatory medicine.
856 4 2 _3Contributor biographical information
_uhttp://www.loc.gov/catdir/enhancements/fy0627/2005297064-b.html
856 4 2 _3Publisher description
_uhttp://www.loc.gov/catdir/enhancements/fy0627/2005297064-d.html
856 4 1 _3Table of contents only
_uhttp://www.loc.gov/catdir/enhancements/fy0627/2005297064-t.html
942 _2lcc
_cBK
_e4th ed.
_n0
999 _c3253
_d3253